[Event "0MCR_3DE_1L_1S"]
[Site "?"]
[Date "2003.??.??"]
[Round "?"]
[White "Mikoska, Josef"]
[Black "Prepiora, Vaclav"]
[Result "0-1"]
[WhiteElo "2210"]
[BlackElo "2360"]
[PlyCount "56"]
[EventDate "2003.??.??"]
[EventType "corr"]
[EventRounds "2"]
[SourceDate "2004.06.03"]

1. e4 c5 2. Nf3 d6 3. d4 cxd4 4. Nxd4 Nf6 5. Nc3 Nc6 6. Be2 g6 7. O-O Bg7 8.
Nb3 O-O 9. Be3 Be6 10. f4 Qd7 11. h3 Rac8 12. Bd3 Bxb3 13. axb3 a6 14. Be2 e6
15. Bf3 Qc7 16. Qe2 Rfe8 17. Qf2 Nd7 18. Rfd1 f5 19. exf5 gxf5 20. Ne2 Bxb2 21.
Ra2 Bg7 22. c4 Nb4 23. Rad2 d5 24. Nd4 Nf6 25. cxd5 Nfxd5 26. Nxe6 Rxe6 27.
Bxd5 Nxd5 28. Rxd5 Rce8 0-1

[Event "0MCR_3DE_1L_1S"]
[Site "?"]
[Date "2003.??.??"]
[Round "?"]
[White "Mikoska, Josef"]
[Black "Strnad, Martin"]
[Result "1-0"]
[WhiteElo "2210"]
[BlackElo "2235"]
[PlyCount "91"]
[EventDate "2003.??.??"]
[EventType "corr"]
[EventRounds "2"]
[SourceDate "2004.06.03"]

1. e4 e5 2. Nf3 Nf6 3. Bb5 a6 4. Ba4 Nc6 5. O-O Be7 6. Re1 b5 7. Bb3 d6 8. c3
O-O 9. h3 Na5 10. Bc2 c5 11. d4 Qc7 12. Nbd2 cxd4 13. cxd4 Nc6 14. Nb3 a5 15.
Be3 a4 16. Nbd2 Bd7 17. Rc1 Rac8 18. b3 a3 19. Bd3 Qb8 20. Nf1 exd4 21. Nxd4
Ne5 22. Rxc8 Rxc8 23. Bc2 Ng6 24. Qf3 Ne5 25. Qe2 Ng6 26. Nf5 Bxf5 27. exf5 Ne5
28. Bg5 Re8 29. Ne3 b4 30. Rd1 Ned7 31. Bf4 Qc7 32. Qd2 Rb8 33. Nc4 Nb6 34.
Qxb4 Nbd5 35. Qd2 Nxf4 36. Qxf4 Qb7 37. g4 h6 38. h4 Nd5 39. Qf3 Nb4 40. Be4 d5
41. Bxd5 Qc7 42. Bxf7+ Kxf7 43. Rd7 Qxd7 44. Ne5+ Ke8 45. Nxd7 Kxd7 46. Qe3 1-0

[Event "0MCR_3DE_1L_1S"]
[Site "?"]
[Date "2003.??.??"]
[Round "?"]
[White "Mikoska, Josef"]
[Black "Sykora, Josef"]
[Result "1/2-1/2"]
[WhiteElo "2210"]
[BlackElo "2370"]
[PlyCount "109"]
[EventDate "2003.??.??"]
[EventType "corr"]
[EventRounds "2"]
[SourceDate "2004.06.03"]

1. e4 c6 2. d4 d5 3. Nd2 dxe4 4. Nxe4 Nd7 5. Nf3 Ngf6 6. Ng3 e6 7. Bd3 c5 8.
Qe2 Be7 9. Bg5 O-O 10. O-O-O cxd4 11. Kb1 Qb6 12. Ka1 h6 13. Bc1 Rd8 14. Nxd4
Nc5 15. Bc4 Bd7 16. f4 Bf8 17. Rhf1 Qc7 18. Nh5 Nxh5 19. Qxh5 Ne4 20. Qe2 Nd6
21. Bd3 g6 22. g4 Bg7 23. Be3 Rac8 24. c3 Re8 25. h4 Nc4 26. Bxc4 Qxc4 27. Qxc4
Rxc4 28. g5 a6 29. Rd3 b5 30. a3 e5 31. fxe5 hxg5 32. hxg5 Bxe5 33. Ka2 a5 34.
b3 Rc7 35. Bd2 a4 36. Kb2 axb3 37. Kxb3 Bg7 38. Re3 Rxe3 39. Bxe3 Rc4 40. Kb2
Rc8 41. Rf2 Re8 42. Bd2 Be5 43. Be3 Bg3 44. Rf3 Bh4 45. Bf4 f6 46. gxf6 Bxf6
47. Kb3 Ra8 48. Bd6 Kg7 49. Re3 g5 50. Be7 g4 51. Bxf6+ Kxf6 52. Kb4 Re8 53.
Rg3 Re1 54. Kc5 Kg5 55. Nf3+ 1/2-1/2

[Event "0MCR_3DE_1L_1S"]
[Site "?"]
[Date "2003.??.??"]
[Round "?"]
[White "Pecka, Josef"]
[Black "Gubas, Jan"]
[Result "1/2-1/2"]
[WhiteElo "2285"]
[BlackElo "2315"]
[PlyCount "63"]
[EventDate "2003.??.??"]
[EventType "corr"]
[EventRounds "2"]
[SourceDate "2004.06.03"]

1. e4 e6 2. d4 d5 3. Nc3 Bb4 4. e5 c5 5. a3 Bxc3+ 6. bxc3 Ne7 7. Qg4 O-O 8. Bd3
f5 9. exf6 Rxf6 10. Bg5 Rf7 11. Qh5 g6 12. Qd1 Nbc6 13. Nf3 Qa5 14. Bd2 c4 15.
Be2 Nf5 16. O-O Bd7 17. Ng5 Rf6 18. f4 Nd6 19. Bf3 Raf8 20. Re1 Kg7 21. Nh3 Nf5
22. Nf2 Nh4 23. Be2 R6f7 24. Rf1 Nf5 25. Bg4 b5 26. Re1 a6 27. Bh3 Kh8 28. Re2
Qd8 29. g3 Kg7 30. Ng4 h5 31. Ne3 Nd6 32. Bg2 1/2-1/2

[Event "0MCR_3DE_1L_1S"]
[Site "?"]
[Date "2003.??.??"]
[Round "?"]
[White "Pecka, Josef"]
[Black "Hlavac, Rudolf"]
[Result "1-0"]
[WhiteElo "2285"]
[BlackElo "2303"]
[PlyCount "137"]
[EventDate "2003.??.??"]
[EventType "corr"]
[EventRounds "2"]
[SourceDate "2004.06.03"]

1. e4 e6 2. d4 g6 3. Nf3 Bg7 4. Bd3 Ne7 5. O-O d5 6. e5 c5 7. dxc5 Nd7 8. Re1
Nxc5 9. Nc3 O-O 10. Be3 Qa5 11. Nb5 Nxd3 12. Qxd3 Bd7 13. Nbd4 Nc6 14. Bg5 Rfc8
15. c3 Nxd4 16. Nxd4 Rc4 17. Bf6 Bxf6 18. exf6 Qd8 19. Qf3 h6 20. Rad1 Kh7 21.
Re5 b5 22. h4 a5 23. h5 g5 24. Qd3+ Kh8 25. b3 Rc7 26. Qf3 Rac8 27. Re3 Rc5 28.
Ne2 b4 29. cxb4 axb4 30. Qg4 Rb5 31. Qd4 Qb6 32. Qd2 Rbc5 33. Nd4 Qb8 34. Nf3
Rc2 35. Qd4 Qf4 36. Ree1 Qxd4 37. Rxd4 Rb8 38. Ra1 Re2 39. Ne1 e5 40. Rxd5 Be6
41. Rdd1 Bg4 42. f3 Bxh5 43. Kf1 Re3 44. Rd3 Rxd3 45. Nxd3 e4 46. fxe4 Bg6 47.
Re1 Rb6 48. Kf2 Rxf6+ 49. Ke3 h5 50. Rc1 h4 51. Rc4 Rf1 52. Nxb4 Re1+ 53. Kf2
Rd1 54. Ke2 Bh5+ 55. Ke3 Re1+ 56. Kf2 Re2+ 57. Kf1 Rd2 58. Rc5 f6 59. a4 Rd1+
60. Kf2 Rd2+ 61. Kg1 Rd1+ 62. Kh2 Rd2 63. a5 Bf3 64. Rc2 Rxc2 65. Nxc2 Bxe4 66.
Nd4 Kg8 67. b4 Kf7 68. a6 Ke8 69. b5 1-0

[Event "0MCR_3DE_1L_1S"]
[Site "?"]
[Date "2003.??.??"]
[Round "?"]
[White "Pecka, Josef"]
[Black "Lounek, Jan"]
[Result "0-1"]
[WhiteElo "2285"]
[BlackElo "2320"]
[PlyCount "64"]
[EventDate "2003.??.??"]
[EventType "corr"]
[EventRounds "2"]
[SourceDate "2004.06.03"]

1. e4 c5 2. Nf3 d6 3. d4 cxd4 4. Nxd4 Nf6 5. Nc3 a6 6. Bg5 e6 7. Qf3 h6 8. Be3
Bd7 9. Bd3 Nc6 10. O-O Ne5 11. Qg3 Nh5 12. Qh3 Nxd3 13. cxd3 g6 14. Nde2 Bg7
15. f4 Rc8 16. Rae1 O-O 17. e5 f5 18. Bd4 dxe5 19. Kh1 Bc6 20. b3 exd4 21. Kg1
Nf6 22. Qg3 Kh7 23. Rc1 b5 24. Nb1 Be4 25. Rxc8 Qa5 26. b4 Qa4 27. Re1 Bb7 28.
Kf1 Qa3 29. Qh4 Qxb4 30. Rd1 Qc5 31. Qf2 b4 32. Qe1 b3 0-1

[Event "0MCR_3DE_1L_1S"]
[Site "?"]
[Date "2003.??.??"]
[Round "?"]
[White "Pecka, Josef"]
[Black "Mikoska, Josef"]
[Result "1/2-1/2"]
[WhiteElo "2285"]
[BlackElo "2210"]
[PlyCount "99"]
[EventDate "2003.??.??"]
[EventType "corr"]
[EventRounds "2"]
[SourceDate "2004.06.03"]

1. e4 e5 2. f4 exf4 3. Bc4 Nf6 4. Nc3 c6 5. Bb3 d5 6. exd5 cxd5 7. Nf3 d4 8.
Qe2+ Be7 9. Qc4 dxc3 10. Qxf7+ Kd7 11. dxc3 Qc7 12. O-O Qc5+ 13. Kh1 Rf8 14.
Qxg7 Nc6 15. Re1 Ne8 16. Qh6 Qd6 17. Qxh7 Kd8 18. Qe4 Bd7 19. Nd4 Nc7 20. Rf1
Nxd4 21. Qxd4 Qxd4 22. cxd4 Bd6 23. Bd2 b5 24. g3 Bc6+ 25. Kg1 fxg3 26. Rxf8+
Bxf8 27. hxg3 Be7 28. a4 b4 29. Rf1 Kd7 30. Rf5 Be4 31. Re5 Bg6 32. c3 Rb8 33.
Bd1 bxc3 34. bxc3 Rb1 35. Re1 Bf5 36. Bf3 Rxe1+ 37. Bxe1 Ne8 38. c4 Nd6 39. Be2
Bf6 40. d5 Bd4+ 41. Bf2 Bxf2+ 42. Kxf2 Bc2 43. Ke3 Nf5+ 44. Kd2 Nxg3 45. Bg4+
Bf5 46. Bxf5+ Nxf5 47. Kc3 Kc8 48. c5 Ne7 49. Kc4 Kb7 50. c6+ 1/2-1/2

[Event "0MCR_3DE_1L_1S"]
[Site "?"]
[Date "2003.??.??"]
[Round "?"]
[White "Pecka, Josef"]
[Black "Prepiora, Vaclav"]
[Result "0-1"]
[WhiteElo "2285"]
[BlackElo "2360"]
[PlyCount "86"]
[EventDate "2003.??.??"]
[EventType "corr"]
[EventRounds "2"]
[SourceDate "2004.06.03"]

1. e4 c5 2. Nf3 d6 3. d4 cxd4 4. Nxd4 Nf6 5. Nc3 Nc6 6. Bg5 e6 7. Qd2 a6 8.
O-O-O h6 9. Be3 Be7 10. f4 Nxd4 11. Qxd4 b5 12. Be2 Bb7 13. g4 Rc8 14. g5 hxg5
15. fxg5 Rh3 16. Bf1 Rxc3 17. bxc3 Rxe3 18. Qxe3 Nxe4 19. Rg1 d5 20. Qxe4 Bxg5+
21. Kb2 dxe4 22. Rxd8+ Bxd8 23. Rxg7 Kf8 24. Rh7 Bf6 25. Rh5 Bd5 26. a4 bxa4
27. Ka3 Bxc3 28. Kxa4 f5 29. Rh3 Bd4 30. Bxa6 f4 31. Bf1 f3 32. c4 Bc6+ 33. Kb3
Bf2 34. Rh6 e3 35. Rxe6 Kf7 36. Bh3 e2 37. Bg4 e1=Q 38. Rxe1 Bxe1 39. Bh3 Kf6
40. Bf1 Ke5 41. c5 Kd4 42. Kb2 Kxc5 43. Kc2 Bb5 0-1

[Event "0MCR_3DE_1L_1S"]
[Site "?"]
[Date "2003.??.??"]
[Round "?"]
[White "Pecka, Josef"]
[Black "Strnad, Martin"]
[Result "1-0"]
[WhiteElo "2285"]
[BlackElo "2235"]
[PlyCount "138"]
[EventDate "2003.??.??"]
[EventType "corr"]
[EventRounds "2"]
[SourceDate "2004.06.03"]

1. e4 c5 2. Nf3 d6 3. d4 cxd4 4. Nxd4 Nf6 5. Nc3 a6 6. Bg5 e6 7. f4 Qb6 8. Nb3
Nbd7 9. Qf3 Be7 10. O-O-O Qc7 11. Bd3 h6 12. Bh4 g5 13. fxg5 Ne5 14. Qe3 Nfd7
15. Kb1 b5 16. Rhf1 Bb7 17. Ne2 Rg8 18. Ned4 hxg5 19. Be1 g4 20. Qh6 Rg6 21.
Qh8+ Bf8 22. Ba5 Qb8 23. Bd2 Qc7 24. h4 gxh3 25. gxh3 O-O-O 26. Ba5 Nb6 27. Qh4
Rg2 28. Qe1 Re8 29. Rf4 Be7 30. Bf1 Rg7 31. Qf2 Bd8 32. Bxb5 Reg8 33. Bf1 Kb8
34. Nf3 Nc6 35. Nfd2 Ne5 36. c4 Qc6 37. c5 dxc5 38. Bc3 Nbd7 39. Nxc5 Bb6 40.
Ndb3 Ka8 41. Bd4 Nxc5 42. Nxc5 Bxc5 43. Bxc5 f6 44. Rc1 Rc8 45. Be3 Qd7 46.
Rxc8+ Qxc8 47. Rxf6 Bxe4+ 48. Ka1 Rd7 49. Be2 Rd8 50. Qe1 Bd3 51. Bh5 Bb5 52.
h4 Qc6 53. Bd2 Rd5 54. Bc3 Kb7 55. a3 Bc4 56. Bxe5 Rxe5 57. Qb4+ Rb5 58. Bf3
Bd5 59. Bxd5 Qxd5 60. Qe7+ Ka8 61. Qxe6 Qxe6 62. Rxe6 Kb7 63. Re3 Rh5 64. Rh3
Kc6 65. a4 Kc5 66. b3 Kd6 67. Kb2 Kd5 68. Kc3 Ke5 69. b4 Ke6 1-0

[Event "0MCR_3DE_1L_1S"]
[Site "?"]
[Date "2003.??.??"]
[Round "?"]
[White "Pecka, Josef"]
[Black "Sykora, Josef"]
[Result "1-0"]
[WhiteElo "2285"]
[BlackElo "2370"]
[PlyCount "123"]
[EventDate "2003.??.??"]
[EventType "corr"]
[EventRounds "2"]
[SourceDate "2004.06.03"]

1. e4 c6 2. d4 d5 3. e5 Bf5 4. Ne2 e6 5. Ng3 Bg6 6. h4 h5 7. Bd3 Bxd3 8. cxd3
Qb6 9. Be3 Qxb2 10. Nd2 Na6 11. a3 Qc3 12. Qb1 Rb8 13. O-O Qa5 14. Qd1 Be7 15.
Nf3 Qd8 16. Bg5 Qd7 17. Qd2 Bf8 18. Rab1 Ne7 19. Rb3 c5 20. Rc1 Nc6 21. Ne2 b6
22. dxc5 Nxc5 23. Rbb1 Rc8 24. Rc3 Na4 25. Rc2 Rc7 26. Qd1 Nc5 27. Ned4 Nb8 28.
Qc1 Rc8 29. Rc3 Rc7 30. Nb5 Rc6 31. Qc2 Qb7 32. Rc1 Kd7 33. Nbd4 Rc8 34. Nd2
Qa6 35. N2b3 Rc7 36. a4 Qb7 37. a5 Nba6 38. axb6 axb6 39. Nxc5+ Rxc5 40. Qa4+
b5 41. Qa5 Be7 42. Bxe7 Rxc3 43. Qxc3 Kxe7 44. Nc6+ Kd7 45. Qa3 Ke8 46. Na5 Qd7
47. Rc6 f6 48. Rxa6 Kf7 49. exf6 gxf6 50. Nb3 b4 51. Qxb4 Re8 52. Nc5 Qc7 53.
d4 Rb8 54. Qe1 Rb6 55. Nxe6 Qb8 56. Rxb6 Qxb6 57. Nc5 Qc6 58. Qe2 Kg6 59. Qe7
Qc8 60. Ne6 Kf5 61. Ng7+ Kg6 62. Nxh5 1-0

[Event "0MCR_3DE_1L_1S"]
[Site "?"]
[Date "2003.??.??"]
[Round "?"]
[White "Prepiora, Vaclav"]
[Black "Gubas, Jan"]
[Result "1/2-1/2"]
[WhiteElo "2360"]
[BlackElo "2315"]
[PlyCount "44"]
[EventDate "2003.??.??"]
[EventType "corr"]
[EventRounds "2"]
[SourceDate "2004.06.03"]

1. e4 e6 2. d4 d5 3. Nc3 Bb4 4. e5 c5 5. Bd2 Nc6 6. Nb5 Bxd2+ 7. Qxd2 Nxd4 8.
Nxd4 cxd4 9. Nf3 Ne7 10. Qxd4 Nc6 11. Qe3 f6 12. exf6 Qxf6 13. O-O-O O-O 14. h4
a6 15. h5 h6 16. Be2 Bd7 17. Kb1 Rad8 18. g4 Qf4 19. g5 Qxe3 20. fxe3 Kf7 21.
Nh4 Ne5 22. Rdg1 Rh8 1/2-1/2

[Event "0MCR_3DE_1L_1S"]
[Site "?"]
[Date "2003.??.??"]
[Round "?"]
[White "Prepiora, Vaclav"]
[Black "Hlavac, Rudolf"]
[Result "1-0"]
[WhiteElo "2360"]
[BlackElo "2260"]
[PlyCount "87"]
[EventDate "2003.??.??"]
[EventType "corr"]
[EventRounds "2"]
[SourceDate "2004.06.03"]

1. e4 e6 2. d4 g6 3. Nf3 Bg7 4. Nc3 Ne7 5. Bf4 d6 6. Qd2 h6 7. O-O-O a6 8. h4
b5 9. g4 Bb7 10. a3 Nd7 11. Bg2 Nb6 12. g5 h5 13. Rhe1 Nc4 14. Qd3 O-O 15. Nd2
e5 16. dxe5 Nxe5 17. Bxe5 Bxe5 18. Nd5 Re8 19. c3 c5 20. Nf6+ Bxf6 21. gxf6 Nc6
22. Qg3 Rb8 23. Nb3 b4 24. Rxd6 Qc7 25. Red1 Ne5 26. Qe3 Ng4 27. Qxc5 Qxc5 28.
Nxc5 bxc3 29. b4 Nxf2 30. Re1 a5 31. Kc2 Ba8 32. Kxc3 axb4+ 33. axb4 Ng4 34.
Bf1 Ne5 35. Ra1 Rbc8 36. Ra7 Bxe4 37. Re7 Bc6 38. Ba6 Rxe7 39. fxe7 Re8 40. Nd3
Rxe7 41. Nxe5 Be8 42. Kd4 Kg7 43. b5 f6 44. Nc6 1-0

[Event "0MCR_3DE_1L_1S"]
[Site "?"]
[Date "2003.??.??"]
[Round "?"]
[White "Prepiora, Vaclav"]
[Black "Lounek, Jan"]
[Result "1-0"]
[WhiteElo "2360"]
[BlackElo "2320"]
[PlyCount "133"]
[EventDate "2003.??.??"]
[EventType "corr"]
[EventRounds "2"]
[SourceDate "2004.06.03"]

1. e4 c5 2. Nf3 d6 3. d4 cxd4 4. Nxd4 Nf6 5. Nc3 a6 6. g3 e5 7. Nde2 Nbd7 8.
Bg2 Be7 9. a4 O-O 10. O-O b6 11. Nd5 Nxd5 12. Qxd5 Rb8 13. Nc3 Bb7 14. Qd1 Qc7
15. Be3 Qc4 16. Re1 Qb4 17. Ra3 Qc4 18. Rb3 Qc7 19. Nd5 Bxd5 20. Qxd5 Nc5 21.
Rb4 Qc8 22. Rd1 a5 23. Rc4 b5 24. axb5 Rxb5 25. b3 Qb8 26. Qd2 Rb4 27. Qc3 Rc8
28. Rd5 Rc7 29. Bd2 Rxc4 30. Qxc4 Nb7 31. Qa4 Rxc2 32. b4 Rc7 33. bxa5 Nc5 34.
Qc4 Rb7 35. Bf1 Rb1 36. Kg2 h6 37. a6 Ra1 38. Bc3 Ra3 39. Qb4 Rb3 40. Qxb8+
Rxb8 41. Ba5 Ra8 42. Bb6 Na4 43. Bc7 Nc3 44. Ra5 Bd8 45. Bxd8 Rxd8 46. Ra3 Rc8
47. a7 Ra8 48. Rxc3 Rxa7 49. Rc8+ Kh7 50. Rd8 Rc7 51. Rxd6 Rc2 52. Bd3 Rb2 53.
h4 h5 54. Bc4 f6 55. Rd8 g6 56. Rd7+ Kh6 57. Be6 Rb6 58. Re7 Rb4 59. Kf3 Rb6
60. Ke3 Ra6 61. f4 Ra3+ 62. Kf2 exf4 63. gxf4 Ra8 64. Rf7 f5 65. e5 Ra4 66. Kf3
Ra3+ 67. Ke2 1-0

[Event "0MCR_3DE_1L_1S"]
[Site "?"]
[Date "2003.??.??"]
[Round "?"]
[White "Prepiora, Vaclav"]
[Black "Mikoska, Josef"]
[Result "1-0"]
[WhiteElo "2360"]
[BlackElo "2210"]
[PlyCount "61"]
[EventDate "2003.??.??"]
[EventType "corr"]
[EventRounds "2"]
[SourceDate "2004.06.03"]

1. e4 e5 2. Nf3 Nc6 3. Bb5 a6 4. Ba4 Nf6 5. O-O Bc5 6. c3 Ba7 7. d4 Nxe4 8. Re1
f5 9. Nbd2 O-O 10. Nxe4 fxe4 11. Bg5 Qe8 12. Rxe4 d6 13. dxe5 Bf5 14. Rf4 Qg6
15. exd6 cxd6 16. Qd5+ Be6 17. Qxd6 Rxf4 18. Bxf4 Bb8 19. Qd2 Bxf4 20. Qxf4
Bxa2 21. Qg5 Qxg5 22. Nxg5 Bc4 23. f4 Re8 24. b3 h6 25. Nf3 Bd5 26. Bxc6 Bxc6
27. Ne5 Rc8 28. c4 g5 29. g3 Kg7 30. Kf2 h5 31. fxg5 1-0

[Event "0MCR_3DE_1L_1S"]
[Site "?"]
[Date "2003.??.??"]
[Round "?"]
[White "Prepiora, Vaclav"]
[Black "Pecka, Josef"]
[Result "1-0"]
[WhiteElo "2360"]
[BlackElo "2285"]
[PlyCount "139"]
[EventDate "2003.??.??"]
[EventType "corr"]
[EventRounds "2"]
[SourceDate "2004.06.03"]

1. e4 e6 2. d4 d5 3. Nc3 Nf6 4. e5 Nfd7 5. Nce2 c5 6. c3 Nc6 7. f4 f6 8. Nf3
Be7 9. g3 O-O 10. Bh3 Nb6 11. O-O Qe8 12. exf6 Rxf6 13. Bg2 Bd7 14. b3 c4 15.
Ne5 Rf8 16. Be3 Bd6 17. h3 Ne7 18. Re1 Rc8 19. Bf2 Nf5 20. Kh2 a5 21. Ng1 cxb3
22. axb3 Rxc3 23. Rxa5 Bb4 24. Nxd7 Qxd7 25. Ra2 Rc7 26. Ree2 h5 27. Nf3 h4 28.
g4 Ng3 29. Ne5 Qd6 30. Bxg3 hxg3+ 31. Kxg3 Rc3+ 32. Bf3 Qd8 33. g5 Bd6 34. Red2
Nd7 35. Rd3 Nxe5 36. dxe5 Bxe5 37. fxe5 Qxg5+ 38. Bg4 Qxe5+ 39. Kg2 Qe4+ 40.
Rf3 Rfxf3 41. Bxf3 Qg6+ 42. Kh2 Qf5 43. Rf2 d4 44. b4 b6 45. Kg2 Qg6+ 46. Bg4
Qe4+ 47. Kg1 Rg3+ 48. Kh2 Re3 49. Qd2 Qe5+ 50. Kg1 Qg3+ 51. Kf1 Qe5 52. Rf3
Rxf3+ 53. Bxf3 Kf7 54. h4 Kg6 55. Qd3+ Kh6 56. Qe2 Qf6 57. Qe4 g6 58. Ke2 e5
59. b5 Qe7 60. Qa8 Qf6 61. Be4 Kh5 62. Qc6 Qf4 63. Qxg6+ Kxh4 64. Qf5 Qe3+ 65.
Kf1 Qc1+ 66. Kg2 Qe3 67. Qf6+ Qg5+ 68. Qxg5+ Kxg5 69. Kf3 Kf6 70. Ke2 1-0

[Event "0MCR_3DE_1L_1S"]
[Site "?"]
[Date "2003.??.??"]
[Round "?"]
[White "Prepiora, Vaclav"]
[Black "Strnad, Martin"]
[Result "1/2-1/2"]
[WhiteElo "2360"]
[BlackElo "2235"]
[PlyCount "56"]
[EventDate "2003.??.??"]
[EventType "corr"]
[EventRounds "2"]
[SourceDate "2004.06.03"]

1. e4 e5 2. Nf3 Nf6 3. Nxe5 d6 4. Nf3 Nxe4 5. d4 d5 6. Bd3 Bd6 7. O-O O-O 8.
Re1 Re8 9. c4 c6 10. Qb3 b6 11. Nc3 Nxc3 12. Rxe8+ Qxe8 13. Qxc3 Bg4 14. Ne5
Bxe5 15. dxe5 Nd7 16. Bf4 Nc5 17. cxd5 cxd5 18. Bf1 Rc8 19. Rc1 Bf5 20. Qd2 Ne6
21. Rxc8 Qxc8 22. Be3 Qd8 23. Qc1 d4 24. Bd2 Qd7 25. Qc4 h6 26. h3 Bg6 27. b3
Qb7 28. f3 Qd7 1/2-1/2

[Event "0MCR_3DE_1L_1S"]
[Site "?"]
[Date "2003.??.??"]
[Round "?"]
[White "Prepiora, Vaclav"]
[Black "Sykora, Josef"]
[Result "1-0"]
[WhiteElo "2360"]
[BlackElo "2370"]
[PlyCount "125"]
[EventDate "2003.??.??"]
[EventType "corr"]
[EventRounds "2"]
[SourceDate "2004.06.03"]

1. e4 c6 2. d4 d5 3. Nc3 dxe4 4. Nxe4 Nd7 5. Bc4 Ngf6 6. Ng5 e6 7. Qe2 Nb6 8.
Bb3 a5 9. a3 h6 10. N5f3 a4 11. Ba2 c5 12. Bf4 Nbd5 13. Be5 Qa5+ 14. Nd2 cxd4
15. Ngf3 Ng4 16. Bg3 Ngf6 17. Nxd4 Qc5 18. Bxd5 Nxd5 19. O-O-O Be7 20. Ne4 Qb6
21. c4 Nc7 22. c5 Qa5 23. Nd6+ Kf8 24. Qh5 Bxd6 25. Bxd6+ Kg8 26. Nf3 Bd7 27.
Ne5 Be8 28. Nc4 Qb5 29. Nb6 Ra5 30. Qg4 Qc6 31. Kb1 h5 32. Qg3 Na6 33. Rhe1 h4
34. Qg4 h3 35. g3 Rh6 36. Bf4 Rg6 37. Qh4 Rxc5 38. Rd8 e5 39. Nc8 Qxc8 40. Rxc8
Rxc8 41. Rxe5 f5 42. Bd2 Bf7 43. Bc3 Nc5 44. Rxf5 Rd6 45. Rxf7 Kxf7 46. Qf4+
Ke7 47. Qe5+ Kd7 48. Bb4 b6 49. Qxg7+ Kc6 50. Bxc5 bxc5 51. Qg4 Ra8 52. Qe4+
Rd5 53. g4 Kd6 54. g5 Rf8 55. f4 Rd4 56. Qe5+ Kc6 57. f5 Rdd8 58. Qe4+ Kd6 59.
Qf4+ Kd5 60. f6 Rd7 61. Qf5+ Kd6 62. g6 c4 63. f7 1-0

[Event "0MCR_3DE_1L_1S"]
[Site "?"]
[Date "2003.??.??"]
[Round "?"]
[White "Strnad, Martin"]
[Black "Gubas, Jan"]
[Result "1/2-1/2"]
[WhiteElo "2235"]
[BlackElo "2315"]
[PlyCount "42"]
[EventDate "2003.??.??"]
[EventType "corr"]
[EventRounds "2"]
[SourceDate "2004.06.03"]

1. e4 e6 2. d4 d5 3. Nc3 Bb4 4. e5 c5 5. a3 Bxc3+ 6. bxc3 Ne7 7. Qg4 O-O 8. Bd3
f5 9. exf6 Rxf6 10. Bg5 Rf7 11. Qh5 g6 12. Qd1 Nbc6 13. Nf3 Qa5 14. Bd2 c4 15.
Be2 Nf5 16. O-O Bd7 17. Qc1 Re8 18. Ng5 Rf6 19. f4 Nd6 20. Qe1 Kg7 21. Bf3 Qb6
1/2-1/2

[Event "0MCR_3DE_1L_1S"]
[Site "?"]
[Date "2003.??.??"]
[Round "?"]
[White "Strnad, Martin"]
[Black "Hlavac, Rudolf"]
[Result "1-0"]
[WhiteElo "2235"]
[BlackElo "2303"]
[PlyCount "55"]
[EventDate "2003.??.??"]
[EventType "corr"]
[EventRounds "2"]
[SourceDate "2004.06.03"]

1. e4 e6 2. d4 g6 3. Nc3 Bg7 4. Be3 d5 5. Nf3 Ne7 6. Qd2 h6 7. O-O-O a6 8. Bd3
b5 9. Bf4 Nbc6 10. exd5 exd5 11. Rde1 Be6 12. h3 Kf8 13. Ne2 Qb8 14. Be3 Qb6
15. Nf4 Bd7 16. Re2 b4 17. Kb1 a5 18. c4 bxc3 19. Qxc3 Bf6 20. Rc1 Kg7 21. g4
Rhc8 22. Qd2 a4 23. Rc5 Ra5 24. Ne5 Bxe5 25. dxe5 Rxc5 26. Nh5+ gxh5 27. Bxh6+
Kh8 28. Qg5 1-0

[Event "0MCR_3DE_1L_1S"]
[Site "?"]
[Date "2003.??.??"]
[Round "?"]
[White "Strnad, Martin"]
[Black "Lounek, Jan"]
[Result "1/2-1/2"]
[WhiteElo "2235"]
[BlackElo "2320"]
[PlyCount "47"]
[EventDate "2003.??.??"]
[EventType "corr"]
[EventRounds "2"]
[SourceDate "2004.06.03"]

1. d4 Nf6 2. c4 e6 3. Nf3 b6 4. g3 Ba6 5. b3 Bb4+ 6. Bd2 Be7 7. Bg2 O-O 8. O-O
Bb7 9. Nc3 d5 10. cxd5 exd5 11. Qc2 Na6 12. Rfd1 Qc8 13. Ng5 Nb4 14. Qb2 c5 15.
Rac1 Qf5 16. dxc5 Bxc5 17. Nf3 Rfe8 18. Be1 Nc6 19. e3 Rad8 20. Nb5 a6 21. Nbd4
Nxd4 22. Nxd4 Qh5 23. b4 Bd6 24. Qe2 1/2-1/2

[Event "0MCR_3DE_1L_1S"]
[Site "?"]
[Date "2003.??.??"]
[Round "?"]
[White "Strnad, Martin"]
[Black "Mikoska, Josef"]
[Result "1-0"]
[WhiteElo "2235"]
[BlackElo "2210"]
[PlyCount "83"]
[EventDate "2003.??.??"]
[EventType "corr"]
[EventRounds "2"]
[SourceDate "2004.06.03"]

1. e4 e5 2. Nf3 Nc6 3. d4 exd4 4. Nxd4 Bc5 5. Be3 Qf6 6. c3 Nge7 7. Bc4 O-O 8.
O-O Ne5 9. Be2 d5 10. f4 N5c6 11. e5 Qh4 12. g3 Qh6 13. Qd2 Qh3 14. Nxc6 Bxe3+
15. Qxe3 Nxc6 16. Bf3 Rd8 17. Nd2 Qh6 18. Rad1 a5 19. Rf2 d4 20. Qe2 Bf5 21.
Nb3 dxc3 22. bxc3 Qg6 23. Nc5 Rxd1+ 24. Qxd1 Rd8 25. Qa4 Bh3 26. Rb2 b6 27.
Qxc6 bxc5 28. Qxg6 hxg6 29. Rb5 Rd3 30. Be4 Rxc3 31. Rxa5 Bf5 32. Ra8+ Kh7 33.
Bd5 Rc1+ 34. Kf2 Rc2+ 35. Ke3 Rc3+ 36. Ke2 Be6 37. Bxe6 fxe6 38. Ra6 Rc2+ 39.
Kf3 Rxh2 40. Rxe6 Rxa2 41. Rc6 Ra3+ 42. Kg4 1-0

[Event "0MCR_3DE_1L_1S"]
[Site "?"]
[Date "2003.??.??"]
[Round "?"]
[White "Strnad, Martin"]
[Black "Pecka, Josef"]
[Result "1-0"]
[WhiteElo "2235"]
[BlackElo "2285"]
[PlyCount "93"]
[EventDate "2003.??.??"]
[EventType "corr"]
[EventRounds "2"]
[SourceDate "2004.06.03"]

1. e4 e5 2. Bc4 Nf6 3. d3 c6 4. Nf3 d5 5. Bb3 Bd6 6. O-O dxe4 7. Ng5 O-O 8.
Nxe4 Nxe4 9. dxe4 Na6 10. Nd2 Nc5 11. Nc4 Bc7 12. Qe2 Qh4 13. Re1 b5 14. Nd2 a5
15. Nf3 Qh5 16. Be3 Nxe4 17. Bb6 Bxb6 18. Qxe4 a4 19. Qxc6 Ra5 20. Qxb6 Ra6 21.
Qxb5 axb3 22. Rxe5 Qg6 23. Qxb3 Rb6 24. Rb5 Rxb5 25. Qxb5 Qxc2 26. a4 Bg4 27.
Ne5 Be2 28. Qb6 Rc8 29. h3 Qe4 30. Qd6 Re8 31. Nd7 h6 32. b4 Qb7 33. b5 Bxb5
34. axb5 Qxb5 35. Ra3 Qf5 36. Rg3 Kh7 37. Rf3 Qb1+ 38. Kh2 Qa2 39. Qc6 Re1 40.
Rf4 Re7 41. Qc5 Qe2 42. Qf5+ Kg8 43. Rb4 Qe1 44. Rb3 Qe2 45. h4 Re8 46. Rg3 Qe7
47. Nf6+ 1-0

[Event "0MCR_3DE_1L_1S"]
[Site "?"]
[Date "2003.??.??"]
[Round "?"]
[White "Strnad, Martin"]
[Black "Prepiora, Vaclav"]
[Result "0-1"]
[WhiteElo "2235"]
[BlackElo "2360"]
[PlyCount "136"]
[EventDate "2003.??.??"]
[EventType "corr"]
[EventRounds "2"]
[SourceDate "2004.06.03"]

1. e4 c5 2. Nf3 d6 3. d4 cxd4 4. Nxd4 Nf6 5. Nc3 Nc6 6. Bg5 e6 7. Qd2 a6 8.
O-O-O h6 9. Be3 Be7 10. f4 Nxd4 11. Bxd4 b5 12. Bd3 b4 13. Ne2 e5 14. Be3 Qa5
15. Kb1 O-O 16. Rhf1 Ng4 17. Bg1 Be6 18. c4 Nf6 19. h3 Rfc8 20. b3 Qc7 21. Qe3
Bd8 22. g4 a5 23. g5 hxg5 24. fxg5 Nd7 25. g6 fxg6 26. Qg3 a4 27. Qxg6 Bf6 28.
Bc2 axb3 29. Bxb3 Ra3 30. Rd3 Bxc4 31. Rc1 Rxb3+ 32. Rxb3 Qb7 33. Qg4 d5 34.
exd5 Qxd5 35. Qf5 Rd8 36. Rxc4 Qxc4 37. Qc2 Qxc2+ 38. Kxc2 Be7 39. Be3 Nf6 40.
Bd2 Nd5 41. Bc1 Kf7 42. a3 g5 43. axb4 Nxb4+ 44. Kc3 Nd5+ 45. Kc2 Ke6 46. Ng3
Rc8+ 47. Kd1 Rh8 48. Ne4 Nf4 49. Nf2 Rd8+ 50. Kc2 Kf5 51. Ng4 Bc5 52. Be3 Bd6
53. Nf2 Rb8 54. Rxb8 Bxb8 55. Kd2 e4 56. Kc2 Bd6 57. Kb3 Ne6 58. Ng4 Bc5 59.
Bd2 Nf4 60. Kc4 Bg1 61. Nh6+ Ke5 62. Nf7+ Kf6 63. Nh6 Ng2 64. Ba5 Ke6 65. Bc7
Ba7 66. Bg3 Be3 67. Ng4 Bf4 68. Bxf4 gxf4 0-1

[Event "0MCR_3DE_1L_1S"]
[Site "?"]
[Date "2003.??.??"]
[Round "?"]
[White "Strnad, Martin"]
[Black "Sykora, Josef"]
[Result "1/2-1/2"]
[WhiteElo "2235"]
[BlackElo "2370"]
[PlyCount "61"]
[EventDate "2003.??.??"]
[EventType "corr"]
[EventRounds "2"]
[SourceDate "2004.06.03"]

1. d4 Nf6 2. Nf3 e6 3. c4 b6 4. g3 Bb7 5. Bg2 Be7 6. O-O O-O 7. Nc3 Ne4 8. Qc2
Nxc3 9. Qxc3 c5 10. Rd1 d6 11. b3 Bf6 12. Bb2 Nd7 13. Qc2 Qc7 14. e4 cxd4 15.
Nxd4 a6 16. Rd2 Rac8 17. Qd1 Rfe8 18. h4 Qb8 19. Qg4 Ba8 20. Rad1 b5 21. cxb5
axb5 22. Qe2 Rc5 23. b4 Rc4 24. a3 Rec8 25. Kh2 g6 26. Bh3 Bg7 27. h5 Re8 28.
Bf1 d5 29. exd5 Bxd5 30. Kg1 Ne5 31. Bg2 1/2-1/2